[Event "IV Final Russian Cup Women"]
[Site "Moscow RUS"]
[Date "2006.11.15"]
[Round "7"]
[White "Sukhareva,E"]
[Black "Prudnikova,E"]
[Result "0-1"]
[WhiteElo "2238"]
[BlackElo "2166"]

1.d4 d5 2.Nf3 Nf6 3.c4 dxc4 4.e3 e6 5.Bxc4 c5 6.O-O a6 7.Qe2 b5 8.Bb3 Bb7
9.Rd1 Nbd7 10.Nc3 Qb8 11.e4 cxd4 12.Nd5 Bd6 13.Nxf6+ Nxf6 14.e5 Bxf3 15.Qxf3 Bxe5
16.Qc6+ Ke7 17.Bg5 Rc8 18.Qf3 Kf8 19.Re1 Qd6 20.Rad1 h6 21.Bd2 Nd7 22.Qh5 Bf6
23.g4 Nc5 24.h4 Nxb3 25.axb3 Kg8 26.g5 g6 27.Qf3 Be7 28.gxh6 e5 29.h5 Qf6
30.Qg3 Bd6 31.Re4 Kh7 32.hxg6+ fxg6 33.Bg5 Qf5 34.Qh4 Rf8 35.Rd3 Rf7 36.Rd2 Rc8
37.Qg4 Qxg4+ 38.Rxg4 Rf3 39.Kg2 Rcf8 40.Rg3 R3f5 41.Rg4 Bb4 42.Rc2 R8f7 43.Rc6 Rxf2+
44.Kg3 Be1 45.Bh4 Rf1+ 46.Kg2 Bxh4 47.Rxh4 R1f2+ 48.Kg3 R7f3+ 49.Kg4 Rf4+
50.Kg3 Rxh4 51.Kxf2 Rh2+  0-1

[Event "SK Liburnija GM"]
[Site "Rijeka CRO"]
[Date "2006.11.17"]
[Round "4"]
[White "Jovanic,O"]
[Black "Cvitan,O"]
[Result "1/2-1/2"]
[WhiteElo "2458"]
[BlackElo "2529"]

1.d4 d5 2.c4 e6 3.Nf3 c6 4.e3 Nf6 5.Bd3 dxc4 6.Bxc4 c5 7.O-O a6 8.dxc5 Qxd1
9.Rxd1 Bxc5 10.Be2 Nbd7 11.Nbd2 b6 12.Nc4 Bb7 13.Nd4 O-O 14.Nb3 Be7 15.f3 Bd5
16.e4 Bxc4 17.Bxc4 Rfc8 18.Be2 Nc5 19.Be3 Na4 20.Rdc1 b5 21.Bd4 Nd7 22.Rxc8+ Rxc8
23.Rc1 Rxc1+ 24.Nxc1 e5 25.b3 exd4  1/2-1/2

[Event "Nacional de Mestres"]
[Site "Barreiro POR"]
[Date "2006.11.20"]
[Round "7"]
[White "Dias,P"]
[Black "Vitor,A"]
[Result "1-0"]
[WhiteElo "2387"]
[BlackElo "2414"]

1.d4 d5 2.c4 dxc4 3.Nf3 Nf6 4.e3 e6 5.Bxc4 c5 6.O-O a6 7.Bb3 b5 8.a4 b4 9.Nbd2 Bb7
10.e4 cxd4 11.e5 Nfd7 12.Nc4 Nc5 13.Bg5 Qc7 14.Rc1 d3 15.Ba2 Nbd7 16.Re1 h6
17.Bh4 Rc8 18.Nd4 g5 19.Bg3 h5 20.Nd6+ Bxd6 21.exd6 Qd8 22.h3 Qf6 23.Rxc5 Qxd4
24.Rxc8+ Bxc8 25.Qc1 Qc5 26.Qd2 Qf5 27.Bc4 h4 28.Bh2 Bb7 29.Qxb4 d2 30.Qxd2 O-O
31.Qd3 Qxd3 32.Bxd3 Rc8 33.f4 gxf4 34.Bxf4 Rc5 35.Be3 Ra5 36.Rc1 Ne5 37.Rc7 Bc6
38.Bc2  1-0

[Event "ch-ESP Abierto"]
[Site "Leon ESP"]
[Date "2006.11.27"]
[Round "6"]
[White "Andres Gonzalez,A"]
[Black "De la Villa Garcia,J"]
[Result "1-0"]
[WhiteElo "2426"]
[BlackElo "2460"]

1.d4 Nf6 2.Nf3 d5 3.c4 dxc4 4.e3 e6 5.Bxc4 c5 6.O-O a6 7.dxc5 Qxd1 8.Rxd1 Bxc5
9.a3 b5 10.Be2 Bb7 11.b4 Bb6 12.Bb2 Nbd7 13.Nc3 Bd8 14.a4 bxa4 15.Nxa4 Be7
16.b5 O-O 17.Bxf6 Bxf6 18.Rxd7 Bxf3 19.Bxf3 axb5 20.Bxa8 Rxa8 21.Rb1 bxa4
22.Ra7 Rc8 23.Rxa4 h5 24.g3 g6 25.Rb7 Kg7 26.Kg2 Bc3 27.Raa7 Rf8 28.Ra6 Re8
29.Rc6 Be5 30.f4 Bf6 31.Rcc7 Rf8 32.Kf3 Kg8 33.e4 Bd4 34.e5 Bg1 35.Rb1 Bd4
36.Ke4 Bf2 37.Rb2 Bg1 38.h3 Ra8 39.Rbb7 Rf8 40.g4 hxg4 41.hxg4 Bf2 42.Rc2 Bg1
43.f5 g5 44.Rcc7 exf5+ 45.Kxf5 Bd4 46.Re7 Bc3 47.Kf6 Bd4 48.Red7 Bc3 49.Rd3 Ba1
50.Rbd7 Re8 51.Rd8 Kf8 52.Rxe8+ Kxe8 53.Ra3 Bd4 54.Ra8+ Kd7 55.Rf8  1-0

[Event "XIV Salona GM"]
[Site "Solin CRO"]
[Date "2006.11.29"]
[Round "6"]
[White "Romanishin,O"]
[Black "Dizdarevic,E"]
[Result "1/2-1/2"]
[WhiteElo "2542"]
[BlackElo "2492"]

1.d4 d5 2.Nf3 Nf6 3.c4 dxc4 4.e3 e6 5.Bxc4 c5 6.O-O a6 7.Bb3 Nc6 8.Nc3 Be7
9.dxc5 Qxd1 10.Rxd1 Bxc5 11.Bd2 Bd7 12.Rac1 Ba7 13.Be1 Ke7 14.Na4 Rhc8 15.Nc5 Rc7
16.Nxd7 Rxd7 17.Rxd7+ Nxd7 18.Ba4 Rc8 19.Bb4+ Ke8 20.Kf1 b5 21.Bd1 Nb6 22.Be1 Ne7
23.Rxc8+ Nbxc8 24.a4 Nc6 25.axb5 axb5 26.Bc2 Nd6 27.Bc3 g6 28.g4 Ke7 29.Ke2 f5
30.h3 Bc5 31.Bb1 Bb4 32.Ne5 Nxe5 33.Bxb4 fxg4 34.Bc3 Ndf7 35.hxg4 Nxg4 36.Bd3 Nd6
37.Bb4 Kd7 38.Bxd6 Kxd6 39.Bxb5 e5 40.Bd3 Kc5 41.f4  1/2-1/2

[Event "Capablanca mem Open"]
[Site "Havana CUB"]
[Date "2006.11.30"]
[Round "10"]
[White "Resende,A"]
[Black "Braga,C"]
[Result "1/2-1/2"]
[WhiteElo "2402"]
[BlackElo "2412"]

1.d4 d5 2.c4 dxc4 3.Nf3 Nf6 4.e3 e6 5.Bxc4 c5 6.Nc3 Nc6 7.O-O a6 8.dxc5 Qxd1
9.Rxd1 Bxc5 10.b3 b5 11.Be2 Bb7 12.Bb2 O-O 13.Rac1 Be7 14.Kf1 Rfd8 15.h3 Rxd1+
16.Rxd1 Rd8 17.Rxd8+ Bxd8  1/2-1/2

[Event "XV Asiad Men's Rapid"]
[Site "Doha QAT"]
[Date "2006.12.02"]
[Round "3"]
[White "Barsov,A"]
[Black "Samhouri,A"]
[Result "1-0"]
[WhiteElo "2537"]
[BlackElo "2336"]

1.d4 d5 2.c4 dxc4 3.e3 Nf6 4.Bxc4 e6 5.Nf3 c5 6.O-O a6 7.Bd3 cxd4 8.exd4 Be7
9.Ne5 Nc6 10.Nxc6 bxc6 11.Qc2 Bb7 12.Be3 O-O 13.Nd2 h6 14.Nb3 Nd5 15.Nc5 Bc8
16.Bd2 Qb6 17.Rac1 Bxc5 18.Qxc5 Qxb2 19.Rc2 Qb6 20.Bh7+ Kxh7 21.Qxf8 Qxd4
22.Qxf7 a5 23.Bc1 Ra7 24.Qf3 Rc7 25.Bb2 Qa4 26.Rfc1 Kg8 27.Qa3 Qb5 28.Qd6 Bd7
29.Qe5 Bc8 30.Bd4 Qd3 31.Rb2 Kh7 32.h3 a4 33.Rxc6  1-0

[Event "13th Open A"]
[Site "Zadar CRO"]
[Date "2006.12.12"]
[Round "2"]
[White "Cvitan,O"]
[Black "Feletar,D"]
[Result "1-0"]
[WhiteElo "2529"]
[BlackElo "2407"]

1.d4 d5 2.c4 dxc4 3.Nf3 Nf6 4.e3 e6 5.Bxc4 c5 6.Qe2 a6 7.dxc5 Bxc5 8.O-O Nc6
9.a3 O-O 10.b4 Ba7 11.Bb2 Qe7 12.Nc3 e5 13.Nd5 Nxd5 14.Bxd5 e4 15.Nd4 Nxd4
16.Bxd4 Rd8 17.Qa2 Bf5 18.Bxa7 Rxa7 19.Rfd1 Raa8 20.Rd4 Rac8 21.Rad1 Re8
22.h3 Rc7 23.Rc4 Rd7 24.Rcd4 Rc7 25.Bb3 h6 26.Rd5 Qf6 27.Rd6 Qe7 28.Qb2 Kh7
29.R1d4 Rec8 30.Rd1 Rc3 31.R6d4 R3c7 32.Qb1 Bg6 33.Bd5 f5 34.R4d2 Bh5 35.Re1 Rc3
36.Bb3 Qg5 37.Kh2 Qe7 38.Kg1 Qg5 39.Kh1 Qe7 40.Rc2 Rxc2 41.Bxc2 Qc7 42.Bb3 Qc6
43.Qa2 Qc3 44.Rg1 Qd3 45.Be6 Rf8 46.Qd5 Qxd5 47.Bxd5 b6 48.Rc1 Bf7 49.Bxf7 Rxf7
50.Rc6 Rb7 51.g4 fxg4 52.hxg4 a5 53.Re6 axb4 54.axb4 b5 55.Rxe4 Kg6 56.Re5 Kf6
57.Rc5 Ke6 58.Kg2 Kd6 59.f4 Ke6 60.Kf3 Kd6 61.e4 Rb8 62.e5+ Kd7 63.f5 Rb7
64.Ke4  1-0

[Event "TCh-NED 2006-7"]
[Site "Netherlands NED"]
[Date "2006.12.16"]
[Round "4"]
[White "Sokolov,Iv"]
[Black "De Jong,JW"]
[Result "1-0"]
[WhiteElo "2652"]
[BlackElo "2409"]

1.d4 d5 2.c4 dxc4 3.e3 Nf6 4.Bxc4 e6 5.Nf3 c5 6.Qe2 a6 7.dxc5 Bxc5 8.O-O Nc6
9.Nbd2 O-O 10.b3 Qe7 11.Bb2 e5 12.Rfc1 Bf5 13.Nf1 Ne4 14.Ng3 Bg6 15.a3 Rfd8
16.Bxf7+ Bxf7 17.Nxe4 Bb6 18.b4 h6 19.Ng3 Rd7 20.b5 axb5 21.Qxb5 Bc7 22.Qxb7 Rb8
23.Qxc6 Rxb2 24.Rd1 Be6 25.a4 Rxd1+ 26.Rxd1 Bb3 27.Rc1 Bd8 28.Qc3 Qa3 29.h3 Qa2
30.Qc8  1-0

[Event "6th Amplico AIG Life"]
[Site "Warsaw POL"]
[Date "2006.12.17"]
[Round "10"]
[White "Malaniuk,V"]
[Black "Nurkiewicz,M"]
[Result "1-0"]
[WhiteElo "2534"]
[BlackElo "2404"]

1.d4 d5 2.c4 dxc4 3.e3 e6 4.Bxc4 c5 5.Nf3 Nf6 6.O-O a6 7.dxc5 Qxd1 8.Rxd1 Bxc5
9.Nbd2 b6 10.Be2 Bb7 11.Nb3 Be7 12.Ne5 Nbd7 13.Nc4 O-O 14.f3 Rac8 15.e4 Nc5
16.Nxb6 Nxb3 17.Nxc8 Bc5+ 18.Kf1 Nxa1 19.Nd6 Bxd6 20.Rxd6 Rc8 21.Bf4 a5 22.Rb6 Ba8
23.Ba6 Re8 24.Bb5 Rf8 25.Ba4 Nh5 26.Bd6 Rc8 27.Bd7 Rc1+ 28.Ke2 h6 29.Rb8+ Kh7
30.Rxa8 Rc2+ 31.Kd3 Rxb2 32.Rxa5 Nf6 33.Bc6 Rxg2 34.Be5 Nc2 35.Bc3 Rxh2 36.a4 h5
37.Rc5 Na3 38.a5 Nb1 39.Bb4 Rb2 40.a6 Rxb4 41.a7 Nd7 42.Rxh5+ Kg6 43.a8=Q  1-0

[Event "6th Amplico AIG Life"]
[Site "Warsaw POL"]
[Date "2006.12.17"]
[Round "11"]
[White "Likavsky,T"]
[Black "Przybylski,W"]
[Result "0-1"]
[WhiteElo "2480"]
[BlackElo "2329"]

1.d4 d5 2.c4 c6 3.Nf3 Nf6 4.e3 e6 5.Bd3 dxc4 6.Bxc4 c5 7.Qe2 Nc6 8.O-O a6
9.Rd1 b5 10.dxc5 Qc7 11.Bd3 Bxc5 12.a4 b4 13.Nbd2 O-O 14.Nb3 Ba7 15.Bd2 Bb7
16.Rac1 a5 17.Bb5 Qb6 18.Nc5 Ne7 19.e4 Rfd8 20.Be3 Rxd1+ 21.Rxd1 Qc7 22.Rc1 Bxc5
23.Rxc5 Qd8 24.e5 Nd7 25.Rc1 Bxf3 26.Qxf3 Nxe5 27.Qe4 Qd5 28.Qxd5 Nxd5 29.Bd4 Ng6
30.g3 h5 31.h4 Nge7 32.Be5 f6 33.Bd6 Nf5 34.Bc5 Kf7 35.Bd3 g6 36.Bb5 Rc8
37.Rc4 Nfe7 38.Ba7 Rxc4 39.Bxc4 f5 40.Kf1 Kf6 41.Ke2 Nc6 42.Bc5 Nde7 43.Bb6 e5
44.Bb5 Ke6 45.Kd3 Kd5 46.Bc4+ Kd6 47.Bf7 e4+ 48.Kc2 Ne5 49.Be8 N7c6 50.Kb3 Kd5
51.Bc7 Nd4+ 52.Ka2 b3+ 53.Kb1 Ndc6 54.Kc1 Nd3+ 55.Kd2 Nxb2 56.Bxg6 Nc4+ 57.Kc1 Nb4
58.Kb1 Nd3 59.Bf7+ Kc5 60.Bxc4 Kxc4 61.Bxa5 Nxf2 62.Bd2 Nd3 63.Ka1 Kc5 64.Kb1 Ne5
65.Bc3 Nc4 66.Kc1 Nb6 67.a5 Nc4 68.Kd1 Kb5 69.Kc1 Ka6 70.Be1 Kb5 71.Kb1 e3
72.Kc1 Nxa5 73.Kb2 Ka4 74.Kc3 Nc4 75.Kd3 b2 76.Kc2 Ka3  0-1

[Event "Masters"]
[Site "Singapore SIN"]
[Date "2006.12.26"]
[Round "1"]
[White "Tirto"]
[Black "Meenakshi,S1"]
[Result "1-0"]
[WhiteElo "2429"]
[BlackElo "2325"]

1.d4 d5 2.c4 dxc4 3.Nf3 Nf6 4.e3 e6 5.Bxc4 c5 6.O-O a6 7.Bd3 Nc6 8.Nc3 cxd4
9.exd4 Be7 10.Bg5 O-O 11.Rc1 Bd7 12.Bb1 Nb4 13.Qb3 Qa5 14.a3 Nbd5 15.Nxd5 Qxd5
16.Qxd5 exd5 17.Rc7 Bd6 18.Rxb7 Rfb8 19.Rxb8+ Rxb8 20.b4 h6 21.Be3 Ne4 22.Bxe4 dxe4
23.Nd2 Bb5 24.Rc1 f5 25.g3 Rd8 26.h4 Be7 27.Rc7 Bd6 28.Rc1 Be7 29.Nb3 Ba4
30.Nc5 Bxc5 31.bxc5 Kf7 32.c6 Ke6 33.c7 Rc8 34.Rc5 h5 35.Kf1 g6 36.Ke1 Kd7
37.Bf4 Re8 38.Kd2 Kc8 39.Ke3 Re6 40.Rc4 Bb5 41.Rc3 Rc6 42.Rxc6 Bxc6 43.Be5 Bb5
44.Kf4 Bc6 45.Kg5 Be8 46.Kf6 Kd7 47.Kg7 Kc8 48.Kf8 Bb5 49.Kf7 Be2 50.Kxg6 Bg4
51.Bf4  1-0

[Event "15th Donau Open"]
[Site "Aschach an der Donau AUT"]
[Date "2006.12.27"]
[Round "3"]
[White "Lautner,J"]
[Black "Dovzik,J"]
[Result "0-1"]
[WhiteElo "2245"]
[BlackElo "2422"]

1.d4 d5 2.Nf3 Nf6 3.c4 dxc4 4.e3 c5 5.Bxc4 e6 6.O-O a6 7.a3 b5 8.Ba2 Bb7
9.Nc3 cxd4 10.exd4 Be7 11.Bg5 O-O 12.Qd3 Nbd7 13.Rad1 Nb6 14.Bb1 g6 15.Bh6 Re8
16.Ne5 Nbd5 17.Ne2 Qb6 18.f4 Rad8 19.Qg3 Nh5 20.Qf2 Ng7 21.Ng3 f5 22.Rfe1 Rd6
23.Re2 Red8 24.Red2 Bf6 25.Kh1 Be7 26.Ne2 Nf6 27.Nc3 Nge8 28.Bg5 Kg7 29.Ba2 Kg8  0-1

[Event "44th National A ch-IND"]
[Site "Atul IND"]
[Date "2006.12.27"]
[Round "11"]
[White "Singh,DP"]
[Black "Ganguly,S"]
[Result "0-1"]
[WhiteElo "2507"]
[BlackElo "2573"]

1.d4 d5 2.Nf3 Nf6 3.c4 dxc4 4.e3 e6 5.Bxc4 c5 6.O-O a6 7.Bb3 b5 8.a4 b4 9.Nbd2 Be7
10.e4 Bb7 11.Re1 O-O 12.e5 Nfd7 13.Nc4 Bd5 14.Qe2 Nc6 15.dxc5 Nxc5 16.Bc2 Bxf3
17.Qxf3 Nd4 18.Qd1 Nxc2 19.Qxc2 Qd3 20.Qxd3 Nxd3 21.Rd1 Rfd8 22.Be3 b3 23.Bb6 Rd5
24.Be3 Rad8 25.Kf1 Nxe5 26.Rxd5 Rxd5 27.Nxe5 Rxe5 28.Rc1 f5 29.Rc8+ Kf7 30.Rb8 Ra5
31.Rxb3 Rxa4 32.Rb7 Kf6 33.Bd2 Bc5 34.Bc3+ e5 35.f3 h5 36.Rc7 Bd4 37.Rc6+ Kf7
38.Bxd4 exd4 39.h4 d3 40.Rd6 Ra2 41.Rxd3 Rxb2 42.Rd7+ Kf8 43.Rd6 Ra2 44.Rd5 g6
45.Rd7 a5 46.Ra7 a4 47.Kg1 a3 48.Kh2 f4 49.Ra4 Ke7 50.Rxf4 Rb2 51.Ra4 a2
52.Ra6 Kd7 53.Kh3 Kc7 54.g4 Kb7 55.Ra3 Kc6 56.Ra8 Kb5 57.Kg3 Rc2 58.Ra7 Kb4
59.Rb7+ Kc3 60.Rc7+ Kb2 61.Rb7+ Kc1 62.Ra7 Kb1 63.Kf4 a1=Q 64.Rxa1+ Kxa1
65.Kg5 Rg2 66.Kxg6 hxg4 67.fxg4 Rxg4+ 68.Kh5 Rg1 69.Kh6 Kb2 70.h5 Kc3 71.Kh7 Kd4
72.h6 Ke5 73.Kh8 Kf6  0-1

[Event "15th Donau Open"]
[Site "Aschach an der Donau AUT"]
[Date "2006.12.29"]
[Round "5"]
[White "Rusev,K"]
[Black "Liepold,S"]
[Result "1-0"]
[WhiteElo "2409"]
[BlackElo "2277"]

1.d4 d5 2.c4 dxc4 3.Nf3 Nf6 4.e3 e6 5.Bxc4 c5 6.O-O a6 7.dxc5 Qxd1 8.Rxd1 Bxc5
9.Be2 Nbd7 10.Nbd2 b6 11.Nc4 Bb7 12.Nd6+ Bxd6 13.Rxd6 Bd5 14.b3 Ne4 15.Rxd5 exd5
16.Ba3 Ndc5 17.Nd4 O-O 18.Rc1 Rfc8 19.Nf5 Rc7 20.Bb2 g6 21.Be5 Rd7 22.Nh6+ Kf8
23.f3 Nd6 24.b4 Ne6 25.Ng4 Ne8 26.a4 h5 27.Nf2 f6 28.Bg3 a5 29.Bb5 Rh7 30.h4 axb4
31.Nd3 N6c7 32.Bc6 Ra5 33.Be1 Na6 34.Nxb4 Rc5 35.Rxc5 Nxc5 36.Nxd5 Nd3 37.Bc3 Ra7
38.Bd4 f5 39.Bxb6 Rg7 40.Bd4  1-0

[Event "27th Open A"]
[Site "Bethune FRA"]
[Date "2006.12.29"]
[Round "8"]
[White "Foisor,O"]
[Black "Giffard,N"]
[Result "1/2-1/2"]
[WhiteElo "2422"]
[BlackElo "2372"]

1.d4 d5 2.c4 dxc4 3.e3 Nf6 4.Bxc4 e6 5.Nf3 c5 6.O-O a6 7.Bb3 Nc6 8.Qe2 cxd4
9.Rd1 Be7 10.exd4 O-O 11.Nc3 Nb4 12.Ne5 Bd7 13.Qf3 Bc6 14.Nxc6 bxc6 15.Bf4 Nbd5
16.Be5 Nd7 17.Bg3 Qb6 18.Rac1 Rac8 19.Ne4 Rfd8 20.Nd6 Bxd6 21.Bxd6 N7f6 22.Be5 Ne8
23.Qg3 Ne7 24.Qg4 Ng6 25.h4  1/2-1/2

[Event "XVII Cracovia A"]
[Site "Krakow POL"]
[Date "2006.12.29"]
[Round "3"]
[White "Gritsak,O"]
[Black "Przybylski,W"]
[Result "1-0"]
[WhiteElo "2542"]
[BlackElo "2329"]

1.Nf3 d5 2.d4 Nf6 3.c4 c6 4.e3 e6 5.Bd3 dxc4 6.Bxc4 c5 7.O-O cxd4 8.exd4 Nc6
9.Nc3 Be7 10.a3 O-O 11.Re1 a6 12.Ba2 b5 13.d5 exd5 14.Nxd5 Nxd5 15.Qxd5 Bb7
16.Qh5 Qd6 17.Bg5 Rad8 18.Bxe7 Nxe7 19.Ng5 Qg6 20.Qxh7+ Qxh7 21.Nxh7 Kxh7
22.Rxe7 Bd5 23.Bxd5 Rxd5 24.h3 Kg6 25.Ra7 Rd6 26.Rc1 Rfd8 27.Rcc7 Rf6 28.Rc2 Rd1+
29.Kh2 Rd3 30.f3 Rb3 31.Kg3 Rd3 32.Rac7 Re6 33.R7c3 Red6 34.Rxd3 Rxd3 35.Rc3 Rd6
36.h4 f6 37.Kh3 Kf5 38.b4 Re6 39.Kg3 Rd6 40.Rc7 Kg6 41.Ra7 Kh6 42.Kg4 Re6
43.Kf4 Kg6 44.g4 Kh6 45.Ra8 Kh7 46.Rc8 Kg6 47.h5+ Kf7 48.Rc7+ Kg8 49.Rc3 Kf7
50.Re3 Rc6 51.Kf5 a5 52.f4 axb4 53.axb4 Rc4 54.Re4 Rc7 55.Rd4 Ke7 56.Rd5 Rb7
57.Kg6 Ke6 58.Rc5  1-0

[Event "Masters"]
[Site "Singapore SIN"]
[Date "2006.12.29"]
[Round "8"]
[White "Duong The Anh"]
[Black "Shanmugam,R"]
[Result "1-0"]
[WhiteElo "2393"]
[BlackElo "2161"]

1.d4 d5 2.c4 dxc4 3.e3 e6 4.Bxc4 Nf6 5.Nf3 c5 6.O-O Nc6 7.Qe2 a6 8.Rd1 b5
9.dxc5 Qc7 10.Bd3 Nb4 11.a3 Nxd3 12.Qxd3 Bxc5 13.b4 Be7 14.Bb2 Bb7 15.Be5 Qb6
16.Nbd2 O-O 17.Bd4 Qc6 18.Nb3 Qe4 19.Qxe4 Bxe4 20.Nfd2 Bd3 21.Bc5 Bxc5 22.Nxc5 Rfd8
23.Nf3 Bc4 24.Ne5 Rxd1+ 25.Rxd1 g6 26.Nc6 Bd5 27.Na5 Ne4 28.Nxe4 Bxe4 29.f3 Bc2
30.Rc1 Ba4 31.Kf2 Rd8 32.Ke2 Kg7 33.Nb7 Ra8 34.Kd3 Kf6 35.f4 Bb3 36.e4 Bc4+
37.Kd4 Rb8 38.Nd6 a5 39.e5+ Ke7 40.bxa5 Ra8 41.a4 Rxa5 42.axb5 Bxb5 43.Rc7+ Bd7
44.Ke3 Rd5 45.Ne4 Rd1 46.Nf6 h5 47.Kf2 Rd2+ 48.Ke3 Rd1 49.Rc2 Bb5 50.Kf2 Rd3
51.Rc7+ Bd7 52.Ke2 Rd4 53.Ra7 Kd8 54.Ke3 Rd1 55.h3 Ke7 56.Ra2 Bc6 57.Rc2 Bb5
58.Kf3 Rd8 59.Rc7+ Kf8 60.Kg3 Kg7 61.Kh4 Ba4 62.Kg5 Bb3 63.Ne4 Bd5 64.Nd6 Rf8
65.g4 hxg4 66.hxg4 Bb3 67.Ra7 Bd5 68.Ra3 Ra8 69.Rc3 Rb8 70.Rc7 Rf8 71.Rc2 Rb8
72.f5 gxf5 73.gxf5 Rb1 74.f6+ Kh7 75.Nxf7 Rg1+ 76.Kf4 Rf1+ 77.Ke3 Kg6 78.Nd6 Rf3+
79.Kd4 Rf1 80.Rc8 Rf2  1-0

[Event "5th Parsvnath Open"]
[Site "New Delhi IND"]
[Date "2007.01.15"]
[Round "2"]
[White "Kunte,A"]
[Black "Thakur,Ak"]
[Result "1-0"]
[WhiteElo "2532"]
[BlackElo "2196"]

1.d4 d5 2.c4 dxc4 3.Nf3 Nf6 4.e3 e6 5.Bxc4 c5 6.O-O a6 7.dxc5 Qxd1 8.Rxd1 Bxc5
9.Nbd2 Nc6 10.b3 Ke7 11.Bb2 b6 12.Be2 Bb7 13.Rac1 Rhd8 14.Ne1 Nb4 15.a3 Nbd5
16.Nd3 Bd6 17.g3 Bb8 18.Ne5 Bxe5 19.Bxe5 Ne8 20.Nc4 Rac8 21.Bd4 b5 22.Na5 Ba8
23.a4 Nd6 24.Bc5 f5 25.axb5 axb5 26.Bxb5 Rxc5 27.Rxc5 Ne4 28.Nc6+ Bxc6 29.Rxc6 Nec3
30.Rxc3 Nxc3 31.Rxd8 Kxd8 32.Bc4 e5 33.Bd3 g6 34.Kf1 Ke7 35.Ke1 Nd5 36.Kd2 f4
37.Bc4 fxe3+ 38.fxe3 Nf6 39.Be2 Kd6 40.Kc3 Kc5 41.b4+ Kd5 42.Bd3 Ng4 43.e4+ Kc6
44.Be2 Nf6 45.Kc4 Nd7 46.b5+ Kd6 47.Bd1 g5 48.Bg4 Nb6+ 49.Kb4 h6 50.Bf5 Na8
51.Ka5 Kc5 52.Be6 Nb6 53.Ka6 Na4 54.Bd5 Nb6 55.Bc6 Nc4 56.Kb7 Nb6 57.Kc7 Nc4
58.Kd7 Nd2 59.Ke6 Nf3 60.h3 h5 61.Kf5 Kd6 62.Be8 h4 63.gxh4 gxh4 64.Kg4 Nd2
65.Bc6 Nc4 66.Kxh4 Ke7 67.Kg5  1-0

[Event "12th HIT Open A"]
[Site "Nova Gorica SLO"]
[Date "2007.01.27"]
[Round "3"]
[White "Ivanisevic,I"]
[Black "Stevic,H"]
[Result "1-0"]
[WhiteElo "2602"]
[BlackElo "2495"]

1.d4 d5 2.c4 dxc4 3.Nf3 Nf6 4.e3 e6 5.Bxc4 c5 6.O-O a6 7.Nc3 b5 8.Bb3 Bb7
9.e4 c4 10.Bc2 b4 11.e5 bxc3 12.exf6 cxb2 13.Bxb2 gxf6 14.d5 Bxd5 15.Qe2 Nd7
16.Rad1 Nc5 17.Rxd5 Qxd5 18.Bxf6 Rg8 19.Rd1 Qh5 20.Qxc4 Be7 21.Ne5 Rg5 22.Ba4+ Kf8
23.Bxe7+ Kxe7 24.Qxc5+ Kf6 25.Qd4  1-0

[Event "12th HIT Open A"]
[Site "Nova Gorica SLO"]
[Date "2007.02.01"]
[Round "9"]
[White "Sebenik,M"]
[Black "Borisek,J"]
[Result "1/2-1/2"]
[WhiteElo "2434"]
[BlackElo "2518"]

1.d4 d5 2.Nf3 Nf6 3.c4 dxc4 4.e3 e6 5.Bxc4 c5 6.O-O Nc6 7.Qe2 a6 8.a4 Qc7
9.Nc3 Be7 10.Rd1 O-O 11.b3 Rd8 12.Bb2 Bd7 13.h3 Nb4 14.Rac1 Be8 15.dxc5 Bxc5
16.Nd2 Bc6 17.Nde4 Nxe4 18.Qg4 Bf8 19.Nxe4 Bxe4 20.Qxe4 Rxd1+ 21.Rxd1 Nc6
22.Rc1 g6 23.Be2 Bg7 24.Bxg7 Kxg7 25.b4 Qe7 26.b5 axb5 27.axb5 Qb4 28.Qxb4 Nxb4
29.Rc4 Nd5 30.Bf3 Ra1+ 31.Kh2 Rb1 32.Bxd5 exd5 33.Rc5 Kf6 34.Rxd5 Ke6 35.e4 f5
36.f3 fxe4 37.fxe4 Rb4 38.Rc5 Kd6 39.Rd5+ Ke6  1/2-1/2

[Event "ch-St Petersburg sf"]
[Site "St Petersburg RUS"]
[Date "2007.02.13"]
[Round "4"]
[White "Kryschilovskij,A"]
[Black "Yankovsky,R"]
[Result "0-1"]
[WhiteElo "2339"]
[BlackElo "2164"]

1.d4 Nf6 2.Nf3 e6 3.c4 c5 4.e3 d5 5.Bd3 dxc4 6.Bxc4 Nc6 7.O-O cxd4 8.exd4 Be7
9.Nc3 O-O 10.a3 b6 11.Qd3 Bb7 12.Rd1 Rc8 13.Ba2 Qd6 14.Bg5 g6 15.Re1 Rfd8
16.Rad1 Nh5 17.h4 Bxg5 18.hxg5 a6 19.Qe3 Qf4 20.d5 Qxe3 21.Rxe3 exd5 22.Nxd5 Nf4
23.Nf6+ Kg7 24.Rd7 Rxd7 25.Nxd7 Nd8 26.Nde5 Rc2 27.Nd3 Nxd3 28.Rxd3 Rxb2
29.Bb3 Be4 30.Rc3 Nc6 31.Re3 Bf5 32.Bd5 Bd7 33.Rc3 Nd8 34.Ne5 Be6 35.Bf3 Rb3
36.Rc7 Rxa3 37.Ra7 Ra5 38.Nd3 Bd5 39.Be2 Nc6 40.Rd7 Nd4 41.Bf1 Ne6 42.f4 Bc4
43.Ne5 Bxf1 44.Kxf1 Nxf4 45.Nxf7 Kf8 46.Nd6 Ne6 47.Nc4 Rf5+ 48.Ke2 b5 49.Ne3 Rxg5
50.Kf3 Rc5 51.Nd5 Rc4 52.Ke3 a5 53.Nf6 Ng5 54.Rd5 Kf7 55.Nd7 Ke6 56.Rxg5 Kxd7
57.Rxb5 a4 58.Ra5 Ke6 59.Kf3 h5 60.Kg3 Kf6 61.Kf3 Rc3+ 62.Kf2 a3 63.g3 Rc2+
64.Kf3 a2 65.Kf4 g5+ 66.Kf3 Ke6 67.Ke3 h4  0-1

[Event "Meurthe et Moselle IM"]
[Site "Nancy FRA"]
[Date "2007.02.22"]
[Round "5"]
[White "Gladyszev,O"]
[Black "Dovzik,J"]
[Result "1-0"]
[WhiteElo "2455"]
[BlackElo "2421"]

1.d4 d5 2.c4 dxc4 3.Nf3 Nf6 4.e3 e6 5.Bxc4 c5 6.O-O a6 7.Bd3 Nc6 8.Nc3 cxd4
9.exd4 Be7 10.Bg5 O-O 11.Rc1 Bd7 12.Bb1 Rc8 13.Ne5 g6 14.Qd3 Kg7 15.Rcd1 Be8
16.Qh3 Ng8 17.Be3 Qa5 18.Nc4 Qb4 19.a3 Qxc4 20.Ba2 Qxf1+ 21.Kxf1 Rd8 22.d5 exd5
23.Rxd5 Bd6 24.Bb6 Nf6 25.Bxd8 Nxd5 26.Bg5 Nxc3 27.Qh6+  1-0

[Event "14th Belisce Metalis Open"]
[Site "Bizovac CRO"]
[Date "2007.02.23"]
[Round "3"]
[White "Milanovic,Da"]
[Black "Dabo Peranic,R"]
[Result "1-0"]
[WhiteElo "2519"]
[BlackElo "2307"]

1.d4 d5 2.c4 dxc4 3.Nf3 Nf6 4.e3 e6 5.Bxc4 c5 6.O-O a6 7.Bb3 b6 8.Nc3 Bb7
9.dxc5 Bxc5 10.Qxd8+ Kxd8 11.Na4 Nbd7 12.Nxc5 Nxc5 13.Bc4 Ke7 14.b3 Rhd8
15.Ba3 Ke8 16.Rfd1 Nfe4 17.Bb2 f6 18.Nd4 Ke7 19.Ba3 Bd5 20.f3 Nc3 21.Rdc1 Bxc4
22.Rxc3 Bb5 23.Bxc5+ bxc5 24.Rxc5 Bd7 25.Rac1 Kd6 26.Kf2 e5 27.Nc6 Rdc8 28.Na5 Rcb8
29.Rc7 Rc8 30.Nb7+ Ke7 31.Ke1 Rxc7 32.Rxc7 Rc8 33.Rxc8 Bxc8 34.Na5 Kd6 35.Kd2 g5
36.Nc4+ Kc5 37.Kc3 Bb7 38.b4+ Kd5 39.a4 h5 40.e4+ Ke6 41.Na5 Ba8 42.b5 axb5
43.axb5 f5 44.b6 fxe4 45.fxe4 Bxe4 46.b7  1-0

[Event "Masters"]
[Site "Bunratty IRL"]
[Date "2007.02.24"]
[Round "3"]
[White "McPhillips,K"]
[Black "Mannion,S"]
[Result "0-1"]
[WhiteElo "2185"]
[BlackElo "2337"]

1.d4 d5 2.c4 dxc4 3.Nf3 Nf6 4.e3 e6 5.Bxc4 c5 6.Qe2 a6 7.dxc5 Bxc5 8.O-O Nc6
9.a3 Bd6 10.Rd1 Qc7 11.Nbd2 O-O 12.b4 Ne5 13.Ba2 Bd7 14.Nd4 Ba4 15.Re1 Qc3
16.N2b3 Qd3 17.Na5 Rab8 18.Bb2 Rfc8 19.f4 Qxe2 20.Rxe2 Nd3 21.Nxe6 Nxb2 22.Rxb2 b6
23.Nc4 Rxc4 24.Bxc4 fxe6 25.Bxe6+ Kf8 26.Rd2 Ke7 27.Bf5 a5 28.Bc2 Bc6 29.Rad1 Bc7
30.g3 axb4 31.axb4 b5 32.h3 h5 33.e4 h4 34.e5 Nh5 35.Bg6 Nxg3 36.f5 Bxe5
37.Re1 Kf6 38.Ra2 Be4 39.Ra6+ Kg5 40.Re6 Bd4+ 41.Kh2 Ra8 42.Bh5 Ra2+ 43.Be2 Nxe2
44.Rg6+ Kh5  0-1

[Event "14th Belisce Metalis Open"]
[Site "Bizovac CRO"]
[Date "2007.02.25"]
[Round "7"]
[White "Matko,O"]
[Black "Dabo Peranic,R"]
[Result "0-1"]
[WhiteElo "2181"]
[BlackElo "2307"]

1.d4 d5 2.Nf3 Nf6 3.c4 dxc4 4.e3 e6 5.Bxc4 c5 6.O-O a6 7.a4 Nc6 8.Nc3 Be7
9.b3 O-O 10.Bb2 cxd4 11.exd4 Nb4 12.Qe2 Bd7 13.Ne5 Bc6 14.Rfd1 Qa5 15.Nxf7 Rxf7
16.Bxe6 Nbd5 17.Qe5 Bd8 18.Nxd5 Bxd5 19.b4 Qxb4 20.Ba3 Qb3 21.Rdb1 Bxe6 22.Rxb3 Bxb3
23.a5 Bc7 24.Qc5 Re8 25.f3 Bd5 26.Rc1 Bc6 27.h4 Nd5 28.h5 h6 29.Qc2 Rf6 30.Qa2 Rfe6
31.Bc5 Kh8 32.g4 Nf4 33.Rd1 Bd5 34.Qb1 Re2 35.Qf5 Nh3+  0-1

[Event "Interclubes Paulista"]
[Site "Sao Paulo BRA"]
[Date "2007.02.25"]
[Round "3"]
[White "Leitao,R"]
[Black "Milos,G"]
[Result "1/2-1/2"]
[WhiteElo "2604"]
[BlackElo "2580"]

1.d4 d5 2.c4 dxc4 3.Nf3 Nf6 4.e3 e6 5.Bxc4 c5 6.O-O a6 7.Bb3 Nc6 8.Nc3 cxd4
9.exd4 Be7 10.Bg5 O-O 11.Qd2 b5 12.d5 Na5 13.dxe6 fxe6 14.Qe2 Nxb3 15.axb3 Rb8
16.Bf4 Rb6 17.Be3 Rd6 18.Ne5 Nd7 19.Nxd7 Rxd7 20.Rad1 Rxd1 21.Rxd1 Qa5 22.Qg4 Rd8
23.Rxd8+ Qxd8 24.h3 Bf6 25.b4 Qd7 26.Bg5 Bxc3 27.bxc3  1/2-1/2

[Event "FSGM March"]
[Site "Budapest HUN"]
[Date "2007.03.08"]
[Round "6"]
[White "Farago,I"]
[Black "Boros,De"]
[Result "1/2-1/2"]
[WhiteElo "2531"]
[BlackElo "2502"]

1.d4 d5 2.c4 dxc4 3.Nf3 Nf6 4.e3 e6 5.Bxc4 c5 6.O-O Nc6 7.a3 a6 8.dxc5 Bxc5
9.Qxd8+ Kxd8 10.b4 Bd6 11.Bb2 Ke7 12.Nbd2 Rg8 13.Be2 b5 14.Rfc1 Bb7 15.Nb3 Nd7
16.Nfd2 Nb6 17.Ne4 Na4 18.Nxd6 Kxd6 19.Nc5 Nxc5 20.Rxc5 f6 21.f4 Rac8 22.Bf3 Kc7
23.Rac1 Kb6 24.Kf2 Rgd8 25.R5c2 e5 26.fxe5 fxe5 27.Bxc6 Rxc6 28.Bxe5 Rf8+
29.Ke1 Rxc2 30.Bd4+ Kc7 31.Rxc2+ Kd7 32.Bxg7 Rg8 33.Be5 Rxg2 34.Rc7+ Ke6
35.Bf4 Be4 36.Ra7 Ra2 37.Rxa6+ Kf5 38.Ra7 Kg4 39.Rg7+ Bg6 40.Rb7 Bd3 41.Rd7 Be4
42.Rc7 Rxa3 43.Rc5 Ra1+ 44.Kd2 Ra2+ 45.Kc3 Rc2+ 46.Kd4 Rxc5 47.bxc5 Kf5 48.Bg3 Bc6
49.Bf4 Be4 50.Kc3 Ke6 51.Kb4 Bc6 52.Bh6 Kd5 53.Bg7 Ke6 54.Ka5 Kd7 55.Be5 Ke6
56.Bc3 Kd7 57.Kb6 Ba8 58.Kxb5 Bc6+ 59.Kc4 Ke6 60.Be1 Kf5 61.Bg3 Ke4 62.Bf4 Kf5
63.Bh6 Kg6 64.Bf8 Kf5 65.Kb4 Ke6 66.Bd6 Kf5  1/2-1/2

[Event "ch-TUR"]
[Site "Ankara TUR"]
[Date "2007.03.11"]
[Round "11"]
[White "Esen,B"]
[Black "Demirel,T"]
[Result "1-0"]
[WhiteElo "2447"]
[BlackElo "2203"]

1.d4 Nf6 2.c4 e6 3.Nf3 d5 4.e3 dxc4 5.Bxc4 c5 6.O-O a6 7.Bd3 Nc6 8.Nc3 cxd4
9.exd4 Be7 10.Be3 O-O 11.Rc1 Bd7 12.Ne5 Rc8 13.Bb1 Nb4 14.Qf3 Nbd5 15.Nxd5 Nxd5
16.Be4 Bb5 17.Rxc8 Qxc8 18.Rc1 Qd8 19.h3 f6 20.Nd3 Bc6 21.Nf4 Qd7 22.Nxd5 exd5
23.Bf5 Qd8 24.h4 Bd6 25.h5 Qe7 26.a3 Re8 27.Bd3 Qd7 28.h6 Bc7 29.hxg7 Qxg7
30.Bxa6 Re4 31.Bd3 Re8 32.Bb5 Qg6 33.Be2 f5 34.Bd3 Rf8 35.Bf4 Bxf4 36.Qxf4 h6
37.Re1  1-0